000 00556nam a2200121Ia 4500
008 220615s9999||||xx |||||||||||||| ||und||
245 0 _aEuropean Regions
_bPerspectives, Trends and Developments in the 21st Century (Edition 1)
546 _aEnglish[eng]
650 _aPolitical Science||International Relations
700 _aMeyer, Sarah||Abels, Gabriele||Donat, Elisabeth
856 _uhttps://library.oapen.org/bitstream/20.500.12657/49713/1/external_content.pdf||https://library.oapen.org/bitstream/20.500.12657/49713/1/external_content.pdf
942 _cEB
999 _c11245
_d11245